[Event "Gatwick e2e4 Major-D"]
[Site "Crawley"]
[Date "2012.08.22"]
[Round "9"]
[White "Arby, Timothee"]
[Black "Osiyemi, Lara"]
[Result "1-0"]
[WhiteElo "1882"]
[BlackElo "1670"]
[PlyCount "97"]
[EventDate "2012.08.18"]
[EventType "tourn"]
[EventRounds "9"]
[EventCountry "ENG"]
[SourceTitle "EXT 2014"]
[Source "ChessBase"]
[SourceDate "2013.11.20"]
[SourceVersion "1"]
[SourceVersionDate "2013.11.20"]
[SourceQuality "1"]

1. e4 c5 2. c3 Nf6 3. e5 Nd5 4. d4 cxd4 5. Nf3 Nc6 6. cxd4 e6 7. Bc4 Nb6 8. Bb3 d6 9. 0-0 Be7 10. Nc3 0-0 11. Be3 dxe5 12. dxe5 Qxd1 13. Rfxd1 Na5 14. Bxb6 axb6 15. Bc2 Nc4 16. b3 Na3 17. Be4 Ra5 18. Na4 Bc5 19. Rac1 Re8 20. h3 h6 21. Rd3 Kf8 22. Nxc5 bxc5 23. Rd6 Nb5 24. Rb6 Nd4 25. Nxd4 cxd4 26. Bxb7 Bxb7 27. Rxb7 Rxe5 28. Rcc7 Rf5 29. Rd7 e5 30. a4 g6 31. b4 Ra8 32. a5 Rf6 33. Kf1 Raa6 34. Ra7 Rac6 35. Rdc7 d3 36. f3 e4 37. Ra8+ Kg7 38. Rxc6 Rxc6 39. Rd8 f5 40. b5 Rc5 41. a6 Rxb5 42. a7 Rb1+ 43. Kf2 Rb2+ 44. Ke3 Re2+ 45. Kf4 g5+ 46. Kxf5 exf3 47. Rd7+ Re7 48. Rxe7+ Kf8 49. Kf6 1-0